Baby Names 2017 Quick Round - Statistics

General Stats
  • This quiz has been taken 90 times
  • The average score is 18 of 60
Answer Stats
Answer % Correct
Emily
79%
Olivia
69%
William
68%
Charlotte
66%
Jacob
65%
Jack
63%
Amelia
56%
Ava
56%
Lucas
56%
Sophia
55%
Sophie
55%
Mia
53%
Oliver
52%
James
50%
Noah
50%
Lily
48%
George
45%
Isabella
44%
Isabelle
44%
Ella
40%
Alexander
37%
Charlie
35%
Henry
34%
Harry
32%
Evie
31%
Thomas
31%
Grace
27%
Jessica
27%
Joshua
27%
Samuel
27%
Isla
26%
Joseph
24%
Leo
24%
Evelyn
23%
Elsie
21%
Poppy
21%
Ethan
18%
Ruby
18%
Edward
16%
Freya
16%
Logan
16%
Max
16%
Alfie
15%
Daisy
15%
Oscar
15%
Scarlett
15%
Alice
13%
Ivy
13%
Isaac
11%
Willow
11%
Archie
10%
Theo
10%
Arthur
8%
Freddie
8%
Muhammad
8%
Mohammed
6%
Matilda
5%
Florence
3%
Phoebe
3%
Sienna
3%
No matching quizzes found
Score Distribution
Percent of People with Each Score
Percentile by Number Answered
Your Score History
You have not taken this quiz